| 000 | 00508nam a2200181Ia 4500 | ||
|---|---|---|---|
| 003 | OSt | ||
| 005 | 20200825104034.0 | ||
| 008 | 190216s9999||||xx |||||||||||||| ||und|| | ||
| 020 | _a9789812542489 | ||
| 040 | _coclc | ||
| 082 |
_a530.15 _bLEA/M |
||
| 100 |
_aLea, Susan M _94322 |
||
| 245 | 0 |
_aMathematics For Physicists / _cSusan M Lea |
|
| 260 |
_bThomson Books/Cole, _c2003. _aSingapore: |
||
| 300 | _a602p | ||
| 650 | _aPhysics | ||
| 942 |
_cBK _2ddc _h530.15 _iLEA/M _k530.15 _mLEA/M |
||
| 999 |
_c33811 _d33811 |
||